Mezolityczne materiały chojnicko-pieńkowskie ze stanowiska w Swornigaciach, woj

Titel: Mezolityczne materiały chojnicko-pieńkowskie ze stanowiska w Swornigaciach, woj : bydgoskie
Verfasser:
In: Wiadomości archeologiczne, Band 46, Heft 1 (1981), Seite 57-77
alle Artikel anzeigen
Veröffentlicht: 1981 [1984]
Format: Aufsatz
Sprache: Polnisch
Kein Bild verfügbar
X
alg: 39192546
001A    $01999:11-11-16 
001B    $01999:16-05-21 $t20:17:38.000 
001C    $06050:19-11-16 $t08:47:26.000 
001D    $01999:11-11-16 
001U    $0utf8 
001X    $00 
002@    $0Aox 
003@    $0391925466 
007A    $0391925466 $aHEB 
007T    $0Herd19260 
010@    $apol 
011@    $a1981 $n1981 [1984] 
021A    $aMezolityczne materiały chojnicko-pieńkowskie ze stanowiska w Swornigaciach, woj $dbydgoskie 
027A    $aMesolithic materials of the Chojnice-Pieńki culture from the Swornigacie site 
028A    $aBoguszewski $dAndrzej 
031A    $d46 $e1 $h57-77 $j1981 
037A    $aruss. Res., 76; engl. Res., 76-77 
039B    $aIn $8--Abvc--. Wiadomości archeologiczne. - Warszawa : [Verlag nicht ermittelbar], 1873-. - ISSN 0043-5082 $x198100000460001943 $9047268050 
045F    $a307.094382 $eDDC23BSB 
045F/01 $a307.09 
045F/03 $g4382 
045F/03 $g43832 
045T    $a7,41 
046C    $aMesolithic materials of the Chojnice-Pieńki culture from the Swornigacie site $bÜbers. des Hauptsacht. 

lok: 39192546 78

exp: 39192546 78 1 #EPN
201B/01 $019-04-17 $t10:54:07.000 
201U/01 $0utf8 
203@/01 $078802129X 
208@/01 $a11-11-16 $be 
209A/01 $a/ $f000 $x00 
220C/01 $aTitelaufnehmer: kl 
244Z/01 $2Trx $#Prusy Wschodnie i Zachodnie $8--Trx--Ost- und Westpreußen $x01 $939113373X 
244Z/01 $2Trx $#Schwornigatz Konitz $#Schwarnegast* $8--Trx--Swornigacie$gChojnice $x02 $939116015X 
244Z/01 $2Trx $#mesoliitikum $#mezolitas $#Mesolithic age $#mezolitikum $#mezolit $#mezolit $#mezolit $#Keskkiviaeg $#Steinzeit, mittlere $#Archäologie Mesolithikum $#doba kamenná, stredná $8--Trx--Mesolithikum $x03 $9391373773 
244Z/01 $2Trx $8--Trx--Zeitschriftenaufsatz $x04 $9391384341 
245Z/01 $a13.03 $x01 
245Z/01 $a05.02 $x02 
247C/01 $82080>Marburg/Lahn, Herder-Institut, Forschungsbibliothek, Bibliographieportal $9336309341
LEADER 00000caa a22000002c 4500
001 391925466
003 DE-603
005 20210516201738.0
007 tu
008 161111s1981 xx |||| | u00||u|pol c
035 |a (DE-599)HEB391925466 
040 |a DE-603  |b ger  |c DE-603  |d DE-603 
041 |a pol 
082 0 4 |8 1\u  |a 307.094382  |q DE-101  |2 23/BSB 
084 |a 7,41  |2 ssgn 
085 |8 1\u  |b 307.09 
085 |8 1\u  |z 2  |s 4382 
085 |8 1\u  |z 2  |s 43832 
100 1 |a Boguszewski, Andrzej 
245 0 0 |a Mezolityczne materiały chojnicko-pieńkowskie ze stanowiska w Swornigaciach, woj  |b bydgoskie 
246 1 |i Übers. des Hauptsacht.  |a Mesolithic materials of the Chojnice-Pieńki culture from the Swornigacie site 
246 1 3 |a Mesolithic materials of the Chojnice-Pieńki culture from the Swornigacie site 
264 0 |c 1981 [1984] 
500 |a russ. Res., 76; engl. Res., 76-77 
773 0 8 |i In  |t Wiadomości archeologiczne  |d Warszawa : [Verlag nicht ermittelbar], 1873-  |x 0043-5082  |g Band 46, Heft 1 (1981), Seite 57-77  |w (DE-603)047268050  |w (DE-600)202757-4 
924 0 |9 2080  |a (DE-603)78802129X  |b DE-2080  |c HES  |d d  |g /